| 000 | 00394cam a2200133ua 4500 | ||
|---|---|---|---|
| 001 | 11709 | ||
| 008 | 191031n ii |||gr||||Z||||||asm | ||
| 040 | _cMAIN | ||
| 100 |
_aMukul Hazarika . , _eEditor. |
||
| 245 |
_aChandrakamal Hazarika : _bsmarakgrantha / _cEdited by Mukul Hazarika . |
||
| 260 |
_aSivsagar: _bChandrakamal Hazaria Smritiraksha Samity, _c2019. |
||
| 300 | _a302p. | ||
| 942 | _cBK | ||
| 999 |
_c10514 _d10514 |
||